Look What You Made Me Do - Taylor Swift (All Lyrics) - Statistics

General Stats
  • This quiz has been taken 603 times
    569 since last reset
  • The average score is 515 of 572
Answer Stats
Lyrics % Correct
do
100%
do)
100%
I
99%
(I)
99%
(I
99%
you
99%
You
99%
(You)
99%
made
98%
me
98%
(Me)
98%
me,
98%
me)
98%
a
97%
look
97%
Look
97%
(Look
97%
The
97%
the
97%
what
97%
(What?)
97%
don't
96%
Don't
96%
(Don't)
96%
your
96%
like
95%
no,
95%
in
94%
(Oh)
94%
oh
94%
Oh,
94%
and
92%
And
92%
it
91%
just
91%
Of
90%
of
90%
on,
90%
But
89%
but
89%
is
89%
time
89%
time)
89%
got
88%
to
88%
all
86%
dead,
86%
dead"
86%
games
86%
then
86%
when
86%
be
85%
mine
85%
mine,
85%
nick
85%
(Nick
85%
yours
84%
little
83%
once,
83%
once
83%
list
82%
red,
82%
smarter,
82%
was
82%
names
81%
play
81%
twice,
81%
for
80%
now"
80%
Taylor
80%
underlined
80%
'cause
79%
check
79%
fool,
79%
harder
79%
can't
78%
old
78%
she's
78%
come
77%
from
77%
I've
77%
lie
77%
phone
77%
right
77%
role
77%
said
77%
stage
77%
How
76%
I'll
76%
laugh
76%
not
76%
"Why?
76%
bad
75%
gun
75%
get
74%
tilted
74%
trust
74%
up
74%
drama,
73%
drama
73%
dreams
73%
karma
73%
nobody
73%
actress
72%
rose
72%
"I'm
71%
sorry,
71%
starrin'
71%
one
70%
think
69%
trusts
69%
world
69%
about
68%
another
68%
day
68%
you'll
68%
out
67%
perfect
67%
crime
65%
sure
65%
thing's
65%
They
64%
(They)
64%
Honey,
63%
kingdom
62%
belonged
61%
cool,
61%
Locked
60%
Ooh,
60%
(Ooh,
60%
moves
59%
place
59%
threw
59%
asked
57%
feast
57%
sleep
56%
Isn't
55%
keys
55%
(Keys)
55%
Maybe
51%
No matching quizzes found
Score Distribution
Percent of People with Each Score
Percentile by Number Answered
Your Score History
You have not taken this quiz since the last reset